Animals of Costa Rica - Statistics

General Stats
  • This quiz has been taken 25 times
    24 since last reset
  • The average score is 5 of 10
Answer Stats
Answer % Correct
Slow animal that often has bugs in its fur. Sloth
86%
HUGE, powerful reptile. Crocodile
76%
Well remembered bird because of its big and colorful beak. Toucan
76%
Zooming, tiny, colorful, bird. Hummingbird
62%
Tiny, poisonous, frog with bright colored skin. Poison Dart Frog
48%
Medium sized mammal, long tail, adorable snout, and a cousin of the raccoon. Coati
38%
Beautiful bird that can live for 80 years. Macaw
38%
Animal that can run on water. Basilisk
33%
Small, cute, monkey with a white face. Capuchin Monkey
24%
Wild cat that is they size of a house cat. Margay
10%
No matching quizzes found
Score Distribution
Percent of People with Each Score
Percentile by Number Answered
Your Score History
You have not taken this quiz since the last reset